00373cam a22001331 4500040000800000082002600008100001800034245008600052260002900138300002400167650002000191650001400211650001400225 cICU00a512 WIL 1966 A023 Or.1 aSearle, S. R.10aMatrix algebra for the biological sciences,bincluding applications in statistics aNew York,bWileyc[1966] axii, 296 p.c24 cm. 0aBiomathematics. 0aBiometry. 0aMatrices.